| 000 | 01148nam a22001937a 4500 | ||
|---|---|---|---|
| 003 | JO-AjAnu | ||
| 005 | 20240708140211.0 | ||
| 008 | 240707b jo ||||| |||| 00| 0 ara d | ||
| 040 |
_aJO-AjAnu _bARA _cJO-AjAnu |
||
| 041 | 1 | _hARA | |
| 100 |
_aالحوارنه، خديجة عمر محمد _eمعد _966031 |
||
| 245 |
_aفاعلية برنامج تعليمي مستند إلى طريقة روبنسون في تحسين الاستيعاب القرائي لدى الطالبات ذوات صعوبات التعلم = The Effectiveness of an Educational Program based on the Robinson Method in Improving Reading Comprehension among Female Students with Learning Disabilites / _cإعداد خديجة عمر محمد الحوارنه ؛ اشراف برهان محمود حمادنة |
||
| 260 | _c2024 | ||
| 300 | _a91 ورقة | ||
| 500 | _aرسالة جامعية(أطروحة ماجستير) جامعة عجلون الوطنية، كلية العلوم التربوية\تخصص صعوبات التعلم | ||
| 650 | _vالاستيعاب القرائي | ||
| 700 |
_aحمادنة، برهان محمود _eمشرف _966032 |
||
| 942 |
_2lcc _cTHS _n0 |
||
| 999 |
_c33569 _d33569 |
||